| 000 | 01259njm a22003017a 4500 | ||
|---|---|---|---|
| 005 | 20100913100347.0 | ||
| 007 | sd ammalaaahaa | ||
| 008 | 100913t xxu||||| |||| 00| 0 hin d | ||
| 028 |
_aStereo s/More. 5014 _bODEON |
||
| 035 | _aGR-02010 | ||
| 040 | _aSED/VEN | ||
| 100 |
_aM. S. Subblakshmi _919606 |
||
| 245 |
_aEnati nomu phalamo (Bhairavi-Adi) Part 1 / _cby M. S. Subbulakshmi [and] Sangita Kalanidhi ; Composer by Tyagaraja _h[sound recording] : |
||
| 246 | _a इनती नोमु फलामो (भैरवी -अदि ) (म. स. सुब्बलक्ष्मी) | ||
| 260 |
_aDum Dum, India _bODEON _c1970 |
||
| 300 |
_a1 sound disc [Gramophone record] : _banalog, 33. 1/3 rpm _c12 in. (LP) _fGramophone record |
||
| 500 | _aBrief record. | ||
| 500 | _aODEON | ||
| 500 | _aBlack | ||
| 500 | _aLong Playing | ||
| 505 | _aPart 2 Tsallare (Ahiri-Misra Chapu) (M. S. Subbulakshmi) त्सल्लारे (अहिरी -मिश्रा चापू ) | ||
| 650 |
_aClassical Music _xExcerpts _zIndia _919607 |
||
| 650 |
_vVocal _919609 |
||
| 700 |
_a Kalanidhi, Sangita _91184 |
||
| 700 |
_aTyagaraja _919643 |
||
| 942 |
_2ddc _cGR |
||
| 999 |
_c45300 _d45300 |
||